Finančné výzvy po poslednej globálnej finančnej kríze a možnosti rozvoja slovenského kapitálového trhu zborník vedeckých statí : výskumná úloha VEGA č. 1/0404/16

Salvato in:
Dettagli Bibliografici
Ente Autore: Fakulta podnikového manažmentu EU. Katedra podnikových financií
Altri autori: Badura, Peter, 1978-, Fetisovová, Elena, Poklemba, Pavol
Natura: Libro
Lingua:slovacco
inglese
Pubblicazione: Bratislava Vydavateľstvo EKONÓM 2018
Edizione:1. vydanie
Soggetti:
Tags: Aggiungi Tag
Nessun Tag, puoi essere il primo ad aggiungerne!!

MARC

LEADER 00000nam a2200000 4500
001 0249634
005 20240502074007.9
020 |a 978-80-225-4558-7 
041 0 |a slo 
041 0 |a eng 
044 |a SK 
245 1 0 |a Finančné výzvy po poslednej globálnej finančnej kríze a možnosti rozvoja slovenského kapitálového trhu  |b zborník vedeckých statí : výskumná úloha VEGA č. 1/0404/16  |c Peter Badura et al. ; zostavovateľ: Peter Badura 
250 |a 1. vydanie 
264 1 |a Bratislava  |b Vydavateľstvo EKONÓM  |c 2018 
300 |a 71 s. [4,88 AH] 
610 2 0 |a trh kapitálový 
610 2 0 |a vývoj 
610 2 0 |a trh finančný 
610 2 0 |a zlyhanie trhu 
610 2 0 |a podnik 
610 2 0 |a zadlženosť 
610 2 0 |a politika peňažná 
610 2 0 |a segmentácia trhu 
610 2 0 |a kapitál podnikový 
610 2 0 |a náklady 
610 2 0 |a trh práce 
610 2 0 |a kríza hospodárska 
610 2 0 |a podnik malý 
610 2 0 |a podnik stredný 
610 2 0 |a zdroje ľudské 
610 2 0 |a výnosy daňové 
610 2 0 |a financie verejné 
610 2 0 |a Slovensko 
700 1 |a Badura, Peter, 1978- 
700 1 |a Fetisovová, Elena 
700 1 |a Poklemba, Pavol 
710 2 |a Fakulta podnikového manažmentu EU. Katedra podnikových financií